Palo de ciego (Record no. 161713)

MARC details
000 -LEADER
campo de control de longitud fija 01127nam a22002295i 4500
001 - NÚMERO DE CONTROL
campo de control 161713
003 - IDENTIFICADOR DE NÚMERO DE CONTROL
campo de control ES-MaACL
005 - FECHA Y HORA DE LA ÚLTIMA TRANSACCIÓN
campo de control 20251017063109.0
008 - DATOS DE LONGITUD FIJA--INFORMACIÓN GENERAL
campo de control de longitud fija 010522s1851 sp |||| | spa d
040 ## - FUENTE DE CATALOGACIÓN
Centro catalogador/agencia de origen CAM
Lengua de catalogación spa
Centro/agencia transcriptor CAM
100 1# - ENTRADA PRINCIPAL--NOMBRE DE PERSONA
Nombre de persona Peral, Juan del,
Fechas asociadas al nombre m. 1888
9 (RLIN) 130982
245 10 - MENCIÓN DEL TÍTULO
Título Palo de ciego
Resto del título : zarzuela en un acto /
Mención de responsabilidad, etc. original de Juan del Peral ; música de Rafael Hernando.
260 ## - PUBLICACIÓN, DISTRIBUCIÓN, ETC.
Lugar de publicación, distribución, etc. Madrid :
Nombre del editor, distribuidor, etc. [Círculo literario Comercial],
Fecha de publicación, distribución, etc. 1851 (
Fabricante Imprenta á cargo de c. González)
300 ## - DESCRIPCIÓN FÍSICA
Extensión 26 p. ;
Dimensiones 21 cm.
490 1# - MENCIÓN DE SERIE
Mención de serie La España Dramática: colección de obras representadas con aplauso en los teatros de la corte ;
Designación de volumen o secuencia 139
500 ## - NOTA GENERAL
Nota general Solo la letra.
596 #1 - NOTA AL PIE DE IMPRENTA
NOTA AL PIE DE IMPRENTA Mención de editor y de serie constan en la cub.
700 0# - ENTRADA AGREGADA--NOMBRE PERSONAL
Nombre de persona Hernando, Rafael.
9 (RLIN) 63093
830 03 - PUNTO DE ACCESO ADICIONAL DE SERIE-TÍTULO UNIFORME
Título uniforme La España dramática: colección de obras representadas con aplauso en los teatros de la corte
Designación de volumen o secuencia 139
9 (RLIN) 187776
852 ## - LOCALIZACIÓN
Ubicación ES-MaACL
Número de control de estantería F-8597(6)
Nota libre -- Enc. pasta española
condición física -- Falto de la cub. original
Nota libre -- Enc. en un vol. facticio formando parte de la col. facticia "Teatro español moderno", vol. 50
Holdings
Estatus retirado Estado de pérdida Estado de daño No para préstamo Colección Biblioteca de origen Biblioteca actual Ubicación en estantería Fecha de adquisición Total de préstamos Signatura topográfica completa Código de barras Visto por última vez Precio de reemplazo Tipo de ítem Koha
        Libros del s. XIX Biblioteca del Ateneo de Madrid Biblioteca del Ateneo de Madrid Sala Pecera Planta 2 17/01/2008   F-8597(6) 1169396 23/02/2023 23/02/2023 Libro impreso antiguo